Basic water treatment for application world-wide
Uloženo v:
| Hlavní autor: | |
|---|---|
| Médium: | Kniha |
| Jazyk: | Undetermined |
| Vydáno: |
London
ThomasTelford
1988
|
| Témata: | |
| Tagy: |
Přidat tag
Žádné tagy, Buďte první, kdo otaguje tento záznam!
|
| Thư viện lưu trữ: | Trung tâm Học liệu Trường Đại học Cần Thơ |
|---|
| LEADER | 00525nam a2200181Ia 4500 | ||
|---|---|---|---|
| 001 | CTU_21777 | ||
| 008 | 210402s9999 xx 000 0 und d | ||
| 082 | |a 628.162 | ||
| 082 | |b B637 | ||
| 100 | |a George Smethurst | ||
| 245 | 0 | |a Basic water treatment for application world-wide | |
| 245 | 0 | |c George Smethurst | |
| 260 | |a London | ||
| 260 | |b ThomasTelford | ||
| 260 | |c 1988 | ||
| 650 | |a water - purification,water supply engineering | ||
| 904 | |i Minh, 980120 | ||
| 980 | |a Trung tâm Học liệu Trường Đại học Cần Thơ | ||